Library of the University of Algiers 3
Ibrahim Sultan Cheibout
شعار جامعة الجزائر 3
مكتبة جامعة الجزائر 3
إبراهيم سلطان شيبوط

النقود والبنوك والإقتصاد : (رقم التسجيلة. 45748)

تفاصيل مارك
000 -LEADER
fixed length control field 01305nam a2200265Ia 4500
003 - CONTROL NUMBER IDENTIFIER
control field Ost
005 - DATE AND TIME OF LATEST TRANSACTION
control field 20260512112804.0
008 - FIXED-LENGTH DATA ELEMENTS--GENERAL INFORMATION
fixed length control field 260507s9999||||xx |||||||||||||| ||und||
040 ## - CATALOGING SOURCE
Transcribing agency fsecg
041 ## - LANGUAGE CODE
Language code of text/sound track or separate title ara
082 ## - DEWEY DECIMAL CLASSIFICATION NUMBER
Classification number 332.4
100 ## - MAIN ENTRY--PERSONAL NAME
Personal name سيجل، باري
Relator term مؤلف
245 #0 - TITLE STATEMENT
Title النقود والبنوك والإقتصاد :
Remainder of title وجهة نظر النقديين /
Statement of responsibility, etc. باري سيجل
260 ## - PUBLICATION, DISTRIBUTION, ETC.
Place of publication, distribution, etc. الرياض:
Name of publisher, distributor, etc. دار المريخ,
Date of publication, distribution, etc. 1987
300 ## - PHYSICAL DESCRIPTION
Extent 778 صفحة؛
Other physical details إيضاحات ؛
Dimensions 24 سم
520 ## - SUMMARY, ETC.
Summary, etc. النقود ومشاكل الاقتصاد النقدي، الأسواق المالية والمؤسسات المالية، عملية عرض النقود، البنك المركزي، استراتيجية السياسة النقدية، سعر الفائدة ونظرية الدخل، التضخم: الأسباب والنتائج، وجهات نظر جديدة عن سياسات الاستقرار.
653 ## - INDEX TERM--UNCONTROLLED
Uncontrolled term الأسواق المالية
653 ## - INDEX TERM--UNCONTROLLED
Uncontrolled term الإقتصاد المالي
653 ## - INDEX TERM--UNCONTROLLED
Uncontrolled term البنوك
653 ## - INDEX TERM--UNCONTROLLED
Uncontrolled term التضخم
653 ## - INDEX TERM--UNCONTROLLED
Uncontrolled term النقود
700 ## - ADDED ENTRY--PERSONAL NAME
Personal name عبد المجيد، عبد الفتاح عبد الرحمان
Relator term مؤلف ثانوي
700 ## - ADDED ENTRY--PERSONAL NAME
Personal name منصور، طه عبد الله
Relator term مؤلف ثانوي
942 ## - ADDED ENTRY ELEMENTS (KOHA)
Koha item type كتب
Source of classification or shelving scheme Dewey Decimal Classification

لا توجد مواد متاحة.

موارد الويب المفتوحة


© University of Algiers 3 All Rights Reserved
|
Implemented by LECHELAH Riad